| 000 | 01524cam a2200373 a 4500 | ||
|---|---|---|---|
| 001 | 14628304 | ||
| 003 | OSt | ||
| 005 | 20070622115309.0 | ||
| 008 | 061108s2007 njua b 001 0 eng | ||
| 010 | _a 2006037360 | ||
| 015 |
_aGBA6A5777 _2bnb |
||
| 016 | 7 |
_a013629118 _2Uk |
|
| 020 | _a0321419502 (pbk. : alk. paper) | ||
| 020 | _a9780321419507 (pbk. : alk. paper) | ||
| 035 | _a(OCoLC)ocm76167320 | ||
| 035 | _a(OCoLC)76167320 | ||
| 040 |
_aDLC _cDLC _dBAKER _dBTCTA _dC#P _dUKM _dYDXCP _dIXA _dDLC |
||
| 050 | 0 | 0 |
_aTK5105.8885.A26 _bC67 2007 |
| 082 | 0 | 0 |
_a005.276 _222 _bCON |
| 100 | 1 |
_aConnolly, Randy, _d1964- _93675 |
|
| 245 | 1 | 0 |
_aCore Internet application development with ASP.NET 2.0 / _cRandy Connolly. |
| 260 |
_aUpper Saddle River, NJ : _bPrentice Hall, _cc2007. |
||
| 300 |
_axxix, 1049 p. : _bill. ; _c24 cm. |
||
| 504 | _aIncludes bibliographical references and index. | ||
| 630 | 0 | 0 |
_aActive server pages. _93676 |
| 650 | 0 |
_aMicrosoft .NET. _93677 |
|
| 650 | 0 |
_aWeb servers. _93678 |
|
| 650 | 0 |
_aWeb site development. _93679 |
|
| 650 | 0 |
_aInternet programming. _93680 |
|
| 856 | 4 | 1 |
_3Table of contents only _uhttp://www.loc.gov/catdir/toc/ecip074/2006037360.html |
| 942 |
_2ddc _cBB |
||
| 999 |
_c11297 _d11297 |
||